Communication theories : (Record no. 21481)
[ view plain ]
| 000 -LEADER | |
|---|---|
| fixed length control field | 01002nam a22002895a 4500 |
| 001 - CONTROL NUMBER | |
| control field | 016602025 |
| 003 - CONTROL NUMBER IDENTIFIER | |
| control field | OSt |
| 005 - DATE AND TIME OF LATEST TRANSACTION | |
| control field | 20160322145122.0 |
| 008 - FIXED-LENGTH DATA ELEMENTS--GENERAL INFORMATION | |
| fixed length control field | 160127t2014 enka frb 001 0 eng d |
| 020 ## - INTERNATIONAL STANDARD BOOK NUMBER | |
| International Standard Book Number | 9781292042855 (paperback) |
| 020 ## - INTERNATIONAL STANDARD BOOK NUMBER | |
| International Standard Book Number | 1292042850 (paperback) |
| Terms of availability | |
| 040 ## - CATALOGING SOURCE | |
| Original cataloging agency | StDuBDS |
| Language of cataloging | eng |
| Transcribing agency | StDuBDS |
| Modifying agency | EG-ScBUE |
| 082 04 - DEWEY DECIMAL CLASSIFICATION NUMBER | |
| Edition number | 22 |
| Classification number | 302.23 |
| Item number | SEV |
| 100 1# - MAIN ENTRY--PERSONAL NAME | |
| Personal name | Severin, Werner J. |
| Fuller form of name | (Werner Joseph) |
| 9 (RLIN) | 39638 |
| 245 10 - TITLE STATEMENT | |
| Title | Communication theories : |
| Remainder of title | origins, methods and uses in the mass media / |
| Statement of responsibility, etc | Werner J. Severin, James W. Tankard. |
| 250 ## - EDITION STATEMENT | |
| Edition statement | 5th ed., Pearson new international ed. |
| 260 ## - PUBLICATION, DISTRIBUTION, ETC. (IMPRINT) | |
| Place of publication, distribution, etc | Harlow : |
| Name of publisher, distributor, etc | Pearson Education Limited, |
| Date of publication, distribution, etc | c.2014. |
| 300 ## - PHYSICAL DESCRIPTION | |
| Extent | xv, 411 p. : |
| Other physical details | ill. ; |
| Dimensions | 24 cm. |
| 500 ## - GENERAL NOTE | |
| General note | Index : p. 401-411. |
| 504 ## - BIBLIOGRAPHY, ETC. NOTE | |
| Bibliography, etc | Includes bibliographical references. |
| 650 #7 - SUBJECT ADDED ENTRY--TOPICAL TERM | |
| Topical term or geographic name as entry element | Mass media. |
| Source of heading or term | BUEsh |
| 9 (RLIN) | 9699 |
| 650 #7 - SUBJECT ADDED ENTRY--TOPICAL TERM | |
| Topical term or geographic name as entry element | Communication. |
| Source of heading or term | BUEsh |
| 9 (RLIN) | 13476 |
| 651 ## - SUBJECT ADDED ENTRY--GEOGRAPHIC NAME | |
| Source of heading or term | BUEsh |
| 653 ## - INDEX TERM--UNCONTROLLED | |
| Resource For college | Communication and mass media |
| Arrived date list | March2016 |
| 700 1# - ADDED ENTRY--PERSONAL NAME | |
| Personal name | Tankard, James W., |
| 942 ## - ADDED ENTRY ELEMENTS (KOHA) | |
| Source of classification or shelving scheme | Dewey Decimal Classification |
| Withdrawn status | Item status | Source of classification or shelving scheme | Damaged status | Not for loan | Vendor | Home library | Current library | Shelving location | Date acquired | Source of acquisition | Cost, normal purchase price | Serial Enumeration / chronology | Total Checkouts | Total Renewals | Full call number | Barcode | Date last seen | Date last borrowed | Cost, replacement price | Koha item type |
|---|---|---|---|---|---|---|---|---|---|---|---|---|---|---|---|---|---|---|---|---|
| Dewey Decimal Classification | sphinx | Central Library | Central Library | First floor | 22/03/2016 | Purchase | 230.00 | 71066 | 2 | 38 | 302.23 SEV | 000032151 | 15/07/2025 | 11/11/2018 | 288.00 | Book - Borrowing |